00663nam a2200145Ia 4500008004100000020001800041050002700059245018800086260006000274300002900334500005100363521000700414650004100421650005500462140609s9999 xx 000 0 und d a9780983351290 aLB 3060.83b.Us85 2013 aUsing common core standards to enhance classroom instruction and assessment /cRobert J. Marzano, David C. Yanoski, Jan K. Hoegh, Julia A. Simms ; with Tammy Heflebower & Phil Warrick aBloomington, IN :bMarzano Research Laboratory,cc2013. a283 p. :bill. ;c28 cm. aIncludes bibliographical references and index. aGE aAcademic achievementxUnited States. aEducational tests and measurementsxUnited States.